00638cam a22001812 4500001001100000005001700011008004100028020001700069040001500086050002000101245012200121260004800243300001100291651005400302700003300356700003400389700003300423000000336320151217154337.0070504s xx 000 0 eng d a9966977236 : aKABUcKABU 0aJQ2947b.A91P6514aThe Politics of transition in Kenya from KANU to NARC /cedited by Walter O. Oyugi, Peter Wanyande, C. Odhiambo-Mbai. aNairobi :bHeinrich Boll Foundation,c2003. a432 p. 0aKenyaxPolitics and governmenty2002.@00001532361 aOyugi, Walter O.@00001532371 aOdhiambo-Mbai, C.@00001532381 aWanyande, Peter.@0000153239